Der Export Nürnberger Metallwaren in den Ostseeraum
| Titel: | Der Export Nürnberger Metallwaren in den Ostseeraum |
|---|---|
| Verfasser: | |
| In: |
Germanisches Nationalmuseum: Anzeiger des Germanischen Nationalmuseums, (2002), Seite 214-223 alle Artikel anzeigen |
| Veröffentlicht: | 2002 |
| Format: | Aufsatz |
| Sprache: | Deutsch |
X
alg: 39146405 001A $01999:11-11-16 001B $01999:25-04-21 $t10:52:01.000 001C $06050:19-11-16 $t09:14:37.000 001D $01999:11-11-16 001U $0utf8 001X $00 002@ $0Aox 003@ $0391464051 007A $0391464051 $aHEB 007T $0Herd54510 010@ $ager 011@ $a2002 021A $aDer @Export Nürnberger Metallwaren in den Ostseeraum 028A $aSeggern $dHarm von 031A $h214-223 $j2002 037A $aBetr. auch Breslau, Danzig, Krakau, Marienburg/Wpr. und Thorn 037A $aDot. również Wrocławia, Gdańska, Krakowa, Malborka i Torunia039B $aIn $8--Abvc--Germanisches Nationalmuseum [Tb1]. Anzeiger des Germanischen Nationalmuseums. - Nürnberg : Verlag des Germanischen Nationalmuseums, 1886-. - ISSN 1430-5496 $x200200000000000786 $9047661933 045F $a330.09438 $eDDC23BSB 045F/01 $a330.09 045F/03 $g438 045F/03 $g4382 045F/03 $g4385 045T $a9,10 lok: 39146405 78 exp: 39146405 78 1 #EPN 201B/01 $021-03-18 $t23:19:12.000 201U/01 $0utf8 203@/01 $0787558133 208@/01 $a11-11-16 $be 209A/01 $a/ $f000 $x00 220C/01 $aTitelaufnehmer: as 244Z/01 $2Trx $#Prusy Wschodnie i Zachodnie $8--Trx--Ost- und Westpreußen $x01 $939113373X 244Z/01 $2Trx $#Silesia $#Śląsk $#Sliezsko $#Slezsko $8--Trx--Schlesien $x02 $9391173987 244Z/01 $2Trx $#Poola $#Lenkija $#Polija $#Polen Land $#Poland $#Lengyelország $#Poľsko $#Polsko $8--Trx--Polska$gkraj $x03 $9391345966 244Z/01 $#Breslau $#Wrocław $#Wrotizla $#Breßlau $#Breßlaw $#Vroclav $#Vratislav $#Vratislavia $#Vratislauiae $#Bresslau $#Wratislavia $#Brassel $#Bresla $#Wratislava $#Smirna $#Breslavia $#Wroclaw $74008216-7 $8--Tg1--Breslau $x04 $9085014184 244Z/01 $#Krakau $#Kraków $#Cracovie $#Cracovia $#Cracow $#Krakoi $#Krakov $#Cracov $74073760-3 $8--Tg1--Krakau $x05 $9085207705 244Z/01 $#Nürnberg $#Nürenberg $#Njurnberg $#Stadt der Reichsparteitage $#Stadt der Reichsparteitage Nürnberg $#Stadtgemeinde Nürnberg $#Norymberga $#Nbg. $#Freie Reichsstadt Nürnberg $#Nuremberg $#Nurmberg $#Norimberga $#Noriberga $#Stadt Nürnberg $#Norimberk $#Norinberga $#Norimbergae $#Noremberga $#Noribergae $#Nürmberg $74042742-0 $8--Tg1--Nürnberg $x06 $9085118605 244Z/01 $2Trx $#Liubekas $#Lubeka $#Alt-Lübeck $8--Trx--Lübeck $x07 $9391161652 244Z/01 $#Marienburg Westpreußen $71148108955 $8--Tg1--Malbork $x08 $9423704907 244Z/01 $#Danzig $#Ville Libre de Danzig $#Dantzig $#Ville Libre de Dantzig $#Freistaat Danzig $#Gdańsk $#Freie Stadt Danzig $#Urząd Miejski w Gdańsku $#Gyddanzyc $#Gedanum $#Dantiscum $74011039-4 $8--Tg1--Danzig $x09 $9085022225 244Z/01 $#Thorun $#Torunė $#Thorn $72024611-0 $8--Tg1--Toruń $x10 $9042779502 244Z/01 $2Trx $#kaubavahetus metallid $#prekyba metalai $#trade metals $#kereskedelem fém $#handel, metale $#obchod kovy $#obchod kovy $#Kupfer $#Zinn $#Gold $#Silber $#miedź $#meď $#cín $#zlato $#striebro $#měď $#cín $#zlato $#stříbro $8--Trx--Handel$gMetalle $x11 $9391367862 244Z/01 $2Trx $#väliskaubandus $#užsienio prekyba $#foreign trade $#külkereskedelem $#handel zagraniczny $#obchod zahraničný $#obchod zahraniční $8--Trx--Außenhandel $x12 $9391372254 244Z/01 $2Trx $#käsitöö, kunstiline $#dailieji amatai $#handicrafts $#kézmüvesség $#rzemiosło artystyczne $#remeslo umelecké $#řemeslo umělecké $8--Trx--Kunsthandwerk $x13 $9391382713 244Z/01 $2Trx $8--Trx--Zeitschriftenaufsatz $x14 $9391384341 245Z/01 $a09.04 $x01 247C/01 $82080>Marburg/Lahn, Herder-Institut, Forschungsbibliothek, Bibliographieportal $9336309341
| LEADER | 00000caa a22000002c 4500 | ||
|---|---|---|---|
| 001 | 391464051 | ||
| 003 | DE-603 | ||
| 005 | 20210425105201.0 | ||
| 007 | tu | ||
| 008 | 161111s2002 xx |||| | u00||u|ger c | ||
| 035 | |a (DE-599)HEB391464051 | ||
| 040 | |a DE-603 |b ger |c DE-603 |d DE-603 | ||
| 041 | |a ger | ||
| 082 | 0 | 4 | |8 1\u |a 330.09438 |q DE-101 |2 23/BSB |
| 084 | |a 9,10 |2 ssgn | ||
| 085 | |8 1\u |b 330.09 | ||
| 085 | |8 1\u |z 2 |s 438 | ||
| 085 | |8 1\u |z 2 |s 4382 | ||
| 085 | |8 1\u |z 2 |s 4385 | ||
| 100 | 1 | |a Seggern, Harm von | |
| 245 | 0 | 0 | |a Der Export Nürnberger Metallwaren in den Ostseeraum |
| 264 | 0 | |c 2002 | |
| 500 | |a Betr. auch Breslau, Danzig, Krakau, Marienburg/Wpr. und Thorn | ||
| 500 | |a Dot. również Wrocławia, Gdańska, Krakowa, Malborka i Torunia <pol> | ||
| 773 | 0 | 8 | |i In |a Germanisches Nationalmuseum |t Anzeiger des Germanischen Nationalmuseums |d Nürnberg : Verlag des Germanischen Nationalmuseums, 1886- |x 1430-5496 |g (2002), Seite 214-223 |w (DE-603)047661933 |w (DE-600)500088-9 |
| 924 | 0 | |9 2080 |a (DE-603)787558133 |b DE-2080 |c HES |d d |g / | |


